[Event "Rishon Le Ziyyon-ch U18"]
[Site "Rishon Le Ziyyon"]
[Date "2023.04.02"]
[Round "7"]
[White "Azoulay, Yehonatan"]
[Black "Kirsch, Yahel David"]
[Result "1-0"]
[WhiteElo "1821"]
[BlackElo "1752"]
[PlyCount "101"]
[EventDate "2023.03.28"]
[EventType "swiss"]
[EventRounds "9"]
[EventCountry "ISR"]
[SourceTitle "CBM 213 Extra"]
[Source "ChessBase"]
[SourceDate "2023.05.31"]
[SourceVersion "1"]
[SourceVersionDate "2023.05.31"]
[SourceQuality "1"]

1. e4 c5 2. Nf3 d6 3. d4 cxd4 4. Qxd4 Nc6 5. Bb5 Bd7 6. Bxc6 Bxc6 7. Nc3 Nf6 8. Bg5 e6 9. 0-0-0 Be7 10. Qd3 a6 11. Rhe1 b5 12. Bxf6 gxf6 13. Nd4 Bd7 14. f4 Qb6 15. f5 0-0-0 16. fxe6 fxe6 17. Nf5 exf5 18. Nd5 Qc5 19. Nxe7+ Kc7 20. exf5 Rhe8 21. b4 Qc4 22. Qxc4+ bxc4 23. Nd5+ Kc6 24. Rxe8 Rxe8 25. Nxf6 Re2 26. g4 Rxh2 27. Kb2 h5 28. Nxd7 Kxd7 29. gxh5 Rxh5 30. Rf1 Ke7 31. f6+ Kf7 32. Rf2 Rh3 33. Rf5 Re3 34. a4 Rg3 35. Rf4 d5 36. Rf5 d4 37. Rf4 d3 38. Rxc4 Kxf6 39. cxd3 Rxd3 40. Rc6+ Ke5 41. Rxa6 Kd5 42. Rh6 Re3 43. Rh5+ Kc4 44. Rh4+ Kd5 45. a5 Re5 46. Kb3 Rf5 47. Rc4 Rf1 48. Rc5+ Kd4 49. Ka4 Ra1+ 50. Kb5 Ra2 51. a6 1-0

[Event "ISR-ch U08/18"]
[Site "Savyon"]
[Date "2022.04.12"]
[Round "6"]
[White "Uritsky, Yonathan"]
[Black "Kirsch, Yahel David"]
[Result "1-0"]
[WhiteElo "2138"]
[BlackElo "1740"]
[PlyCount "69"]
[EventDate "2022.04.06"]
[EventType "swiss"]
[EventRounds "9"]
[EventCountry "ISR"]
[SourceTitle "EXT 2023"]
[Source "ChessBase"]
[SourceDate "2022.10.05"]
[SourceVersion "1"]
[SourceVersionDate "2022.10.05"]
[SourceQuality "1"]

1. Nc3 d5 2. e4 d4 3. Nce2 e5 4. d3 c5 5. f4 Nc6 6. Nf3 Bd6 7. f5 Nf6 8. h3 b5 9. g4 h6 10. Ng3 Bb7 11. g5 hxg5 12. Nxg5 Qc7 13. a4 a6 14. axb5 axb5 15. Rxa8+ Bxa8 16. Be2 Qa5+ 17. Kf2 Qa2 18. Nh5 Kf8 19. Rg1 Nxh5 20. Bxh5 Nd8 21. Qg4 Ke7 22. Nxf7 Nxf7 23. Bg5+ Kd7 24. f6+ Kc7 25. fxg7 Rg8 26. Qf5 Rxg7 27. Bd8+ Nxd8 28. Rxg7+ Kb6 29. Qd7 Nb7 30. Qc8 Ka7 31. Rg8 Qxb2 32. Qxa8+ Kb6 33. Rg7 Qxc2+ 34. Be2 Bc7 35. Qc8 1-0